| 000 | 00835nam a22002057a 4500 | ||
|---|---|---|---|
| 010 | _a1617CH-EN | ||
| 020 |
_a9781447287575 _c299.00 |
||
| 035 | _aB-643729-757 | ||
| 035 | _aB-664664 | ||
| 037 |
_aDPL _bBSB/ven |
||
| 082 | _aS | ||
| 100 | _aGriffiths, Andy | ||
| 245 |
_aThe 52-storey treehouse / _cby Andy Griffiths; illustrated by Terry Denton |
||
| 260 |
_aLondon _bMacmillan Chidren's Books _c2016 |
||
| 270 |
_a20 New Whar Road, _bLaondon |
||
| 300 |
_a239p.: _bill. _c19cm(pbk) |
||
| 942 |
_2ddc _cCH _mGRI _hS |
||
| 999 |
_c100415 _d100415 |
||